Resistencia de BidensPilosa en la región de Calpulalpan, Tlaxcala a los herbicidas posulfuran Y 2, 4 - D/ (Record no. 220777)
[ view plain ]
| 000 -CABECERA | |
|---|---|
| campo de control de longitud fija | 03402nam a2200349 a 4500 |
| 003 - IDENTIFICADOR DEL NÚMERO DE CONTROL | |
| campo de control | OSt |
| 005 - FECHA Y HORA DE LA ÚLTIMA TRANSACCIÓN | |
| campo de control | 20250815111315.0 |
| 007 - CAMPO FIJO DE DESCRIPCIÓN FÍSICA--INFORMACIÓN GENERAL | |
| campo de control de longitud fija | cr ||||||a|a|a |
| 008 - DATOS DE LONGITUD FIJA--INFORMACIÓN GENERAL | |
| campo de control de longitud fija | 250805s2025 mx a|||fom||| 001 0 spa d |
| 040 ## - FUENTE DE LA CATALOGACIÓN | |
| Normas de descripción | rda |
| 100 1# - ENTRADA PRINCIPAL--NOMBRE DE PERSONA | |
| Nombre de persona | Torres Méndez, Yazmín |
| 9 (RLIN) | 190826 |
| 245 10 - MENCIÓN DE TÍTULO | |
| Título | Resistencia de BidensPilosa en la región de Calpulalpan, Tlaxcala a los herbicidas posulfuran Y 2, 4 - D/ |
| Mención de responsabilidad, etc. | por Yazmín Torres Méndez; director de tesis J. Antoinio Tafoya Razo; secretario Guillermo Mondragón Pedrero; vocal Oscar Morales Galván; suplente Amalia Pérez Valdez; suplente Jaime Alfredo Urzua Gutiérrez. |
| 264 #1 - PRODUCCIÓN, PUBLICACIÓN, DISTRIBUCIÓN, FABRICACIÓN Y COPYRIGHT | |
| Producción, publicación, distribución, fabricación y copyright | Chapingo, México : |
| Nombre del de productor, editor, distribuidor, fabricante | El autor, |
| Fecha de producción, publicación, distribución, fabricación o copyright | 2024. |
| 300 ## - DESCRIPCIÓN FÍSICA | |
| Extensión | 1 recurso en línea (55 páginas): |
| Otras características físicas | cuadros, figuras. |
| 336 ## - TIPO DE CONTENIDO | |
| Fuente | rdacontent |
| Término de tipo de contenido | texto |
| Código de tipo de contenido | txt |
| 337 ## - TIPO DE MEDIO | |
| Fuente | rdamedia |
| Nombre/término del tipo de medio | computadora |
| Código del tipo de medio | c |
| 338 ## - TIPO DE SOPORTE | |
| Fuente | rdacarrier |
| Nombre/término del tipo de soporte | recurso en línea |
| Código del tipo de soporte | cr |
| 502 ## - NOTA DE TESIS | |
| Tipo de título | Ingeniero Agrónomo Especialista en Parasitología Agrícola |
| Nombre de la institución que otorga el título | Departamento de Enseñanza, Investigación y Servicio en Parasitología Agrícola, |
| Año de obtención del título | 2024. |
| Información miscelánea | Licenciatura |
| 504 ## - NOTA DE BIBLIOGRAFÍA, ETC. | |
| Nota de bibliografía, etc. | Incluye referencias bibliográficas: páginas 53-55. |
| 520 ## - SUMARIO, ETC. | |
| Sumario, etc. | El 2,4-D es uno de los herbicidas más viejos y a pesar de tener muchos años de empleo no tiene tantos problemas de resistencia como otros herbicidas. Uno de los grupos de herbicidas que se han registrado con un mayor número de especies resistentes son los inhibidores de la ALS; sin embargo, son pocas las especies que se han reconocido resistentes al herbicida Prosulfuron perteneciente a este grupo. En la región de Calpulalpan, Tlaxcala, estos herbicidas se han estado empleado continuamente durante décadas, pero su control ha ido disminuyendo en varias especies de malezas, lo cual se puede deber a que estas especies ya sean resistentes a estos herbicidas. Por esta situación se colectaron semillas de Bidens pilosa en cultivos con problemas de control y en sitios en donde no se han aplicado herbicidas. Por lo cual se estableció un bioensayo con la finalidad de evaluar la efectividad biológica de los herbicidas: HIERBAMINA (2,4-D) y PEAK 57WG (Prosulfuron) en dos biotipos de Bidens pilosa (susceptible y resistente). El diseño experimental utilizado fue completamente al azar. Los tratamientos utilizados fueron: 2,4-D a diferentes dosis: 0, 30, 60, 120, 240, 480, 960, 1920 (g de i.a. ha1) y Prosulfuron a diferentes dosis 0, 1.069, 2.138, 4.275, 8.55, 17.1, 34.2, 68.4 (g de i.a. ha1) con cinco repeticiones cada una de ellas. La variable evaluada fue el peso seco (gramos). Los resultados indican que existe resistencia considerando como resistente cuando el índice de resistencia es igual o superior a 2. El índice de resistencia que se obtuvo para el 2,4-D fue de 2.43, mientras que para el herbicida Prosulfuron fue de 2.40. Con base en los resultados se confirma la resistencia de este biotipo a ambos herbicidas. |
| 650 #4 - PUNTO DE ACCESO ADICIONAL DE MATERIA--TÉRMINO DE MATERIA | |
| Término de materia o nombre geográfico como elemento de entrada | Bidens pilosa |
| Subdivisión general | Resistencia a herbicidas |
| 9 (RLIN) | 191038 |
| 650 #4 - PUNTO DE ACCESO ADICIONAL DE MATERIA--TÉRMINO DE MATERIA | |
| Término de materia o nombre geográfico como elemento de entrada | Herbicidas |
| Subdivisión general | Análisis |
| 9 (RLIN) | 132171 |
| 650 #4 - PUNTO DE ACCESO ADICIONAL DE MATERIA--TÉRMINO DE MATERIA | |
| Término de materia o nombre geográfico como elemento de entrada | Malas hierbas |
| Subdivisión general | Resistencia a herbicidas |
| 9 (RLIN) | 70035 |
| 650 #4 - PUNTO DE ACCESO ADICIONAL DE MATERIA--TÉRMINO DE MATERIA | |
| Término de materia o nombre geográfico como elemento de entrada | Malas hierbas |
| Subdivisión general | Control |
| 9 (RLIN) | 70011 |
| 700 1# - PUNTO DE ACCESO ADICIONAL--NOMBRE DE PERSONA | |
| Nombre de persona | Tafoya Razo, José Antonio |
| 9 (RLIN) | 111341 |
| Término indicativo de función/relación | director. |
| 700 1# - PUNTO DE ACCESO ADICIONAL--NOMBRE DE PERSONA | |
| Nombre de persona | Mondragón Pedrero, Guillermo |
| 9 (RLIN) | 77486 |
| Término indicativo de función/relación | secretario. |
| 700 1# - PUNTO DE ACCESO ADICIONAL--NOMBRE DE PERSONA | |
| Nombre de persona | Morales Galván, Oscar |
| 9 (RLIN) | 78271 |
| Término indicativo de función/relación | vocal. |
| 700 1# - PUNTO DE ACCESO ADICIONAL--NOMBRE DE PERSONA | |
| Nombre de persona | Pérez Valdez, Amalia |
| 9 (RLIN) | 90074 |
| Término indicativo de función/relación | suplente. |
| 700 1# - PUNTO DE ACCESO ADICIONAL--NOMBRE DE PERSONA | |
| Nombre de persona | Urzúa Gutiérrez, Jaime Alfredo |
| 9 (RLIN) | 117018 |
| Término indicativo de función/relación | suplente. |
| 856 ## - LOCALIZACIÓN Y ACCESO ELECTRÓNICOS | |
| Identificador Uniforme del Recurso | http://10.13.5.2/tesis/tl/1312562-3_TORRES_MENDEZ_YAZMIN.pdf |
| Nota pública | DESCARGAR PDF |
| 942 ## - ELEMENTOS DE PUNTO DE ACCESO ADICIONAL (KOHA) | |
| Fuente del sistema de clasificación o colocación | Clasificación Universidad Autónoma Chapingo |
| Tipo de ítem Koha | Tesis digital |
| Estado de retiro | Estado de pérdida | Fuente del sistema de clasificación o colocación | Estado dañado | Restricciones de uso | No para préstamo | Código de colección | Localización permanente | Ubicación/localización actual | Ubicación en estantería | Fecha de adquisición | Total de préstamos | Signatura topográfica completa | Fecha visto por última vez | Precio válido a partir de | Tipo de ítem Koha |
|---|---|---|---|---|---|---|---|---|---|---|---|---|---|---|---|
| Clasificación Universidad Autónoma de Chapingo | Préstamo interno | Tesis digitales de Licenciatura | Biblioteca Digital | Biblioteca Digital | En línea | 06/08/2025 | Tesis digital | 06/08/2025 | 06/08/2025 | Tesis digital |
